Computing in science & engineering. (Record no. 38142)

MARC details
000 -LEADER
fixed length control field 00455nam a2200157Ia 4500
022 ## - INTERNATIONAL STANDARD SERIAL NUMBER
ISSN 15219615
050 ## - CALL MARK
Classification number Q 183.9 .C66/
245 #0 - TITLE STATEMENT
Title Computing in science & engineering.
260 ## - PUBLICATION, DISTRIBUTION, ETC. (IMPRINT)
Name of publisher Turkish Airlines
260 ## - PUBLICATION, DISTRIBUTION, ETC. (IMPRINT)
Year of publication 2021
300 ## - PHYSICAL DESCRIPTION
Number of Pages 105 p. :ill. ; 29 cm.
650 ## - SUBJECT ADDED ENTRY--TOPICAL TERM
Topical Term Science--Data processing--Periodicals. Engineering--Data processing--Periodicals.
942 ## - ADDED ENTRY ELEMENTS (KOHA)
Koha item type Serials

No items available.